000 01482cam a22004334i 4500
003 PE-LiUPU
005 20250731184546.0
008 150625s r 000 0 d
035 _a(Sirsi) a31741
040 _aPE-LiUPU
_bspa
_cPE-LiUPU
_erda
082 0 4 _a935 / CS
_bCH18
_221
100 1 _aChampdor, Albert,
_eautor.
245 1 0 _aBabilonia /
_cAlbert Champdor ; introduccion de Elsa Coult ; nota preliminar del J. M. Millas Vallicrosa ; [traduccion del ingles por Jaime Elias].
264 1 _aBarcelona :
_bAyma,
_c1963
300 _a206 páginas :
_bmapas, placas. ;
_c21 centímetros.
336 _atext
_2rdacontent
337 _aunmediated
_2rdamedia
338 _avolume
_2rdacarrier
526 _aP136
526 _aP135
526 _aP134
526 _aP133
526 _aP144
526 _aP143
526 _aP87
526 _aP35
526 _aP20
526 _aP14
526 _aP10
526 _aP06
650 1 4 _aCivilización Asirio-Babilónica.
651 4 _aBabilonia (Ciudad extinta)
910 _a
942 _2ddc
_cBOOK
949 _a935 / CS CH18
_wDEWEY
_c1
_i37058
_lCCODEBUL1
_mBUL
_p00.00
_r0
_sY
_tBOOK
_u2015-06-25
_xBIBLIOTECA
_zUNKNOWN
_0COMPRA
_o.STAFF. Colección General
596 _a1
999 _a935 / CS CH18
_wDEWEY
_c39323
_i37058
_d39323
_e2017-10-9
_f2021-11-12
_g5
_lCCODEBUL1
_mBUL
_n1
_q2
_r0
_sY
_tBOOK
_u2015-6-25
_xTEOLOGIA
_zUNKNOWN
_0COMPRA
_o.STAFF. Colección General
980 _81
_gALBERTO SANCHEZ Responsable de Automatización